| 000 | 00646cab a2200217 4500 | ||
|---|---|---|---|
| 001 | WB3237-24 | ||
| 008 | 090401t1996 xxu||||| |||| 00| 0 eng d | ||
| 035 | _a(Sirsi) u13686 | ||
| 041 | _aeng | ||
| 245 | _aSocial housing | ||
| 260 | _c1996 | ||
| 350 | _a0 | ||
| 490 |
_aFinancial Times _v28 September 1996, 4(1) |
||
| 520 | _aPrivate sector funding of social housing since 1988 has exceeded £10 bn and has achieved a level of success that many thought was not possible. | ||
| 650 | _aPRIVATE SECTOR FUNDING | ||
| 650 | _aSOCIAL HOUSING | ||
| 650 | _aTHE HOUSING CORPORATION | ||
| 690 | _aHOUSING | ||
| 942 | _n0 | ||
| 948 | _c04/03/1997 | ||
| 999 |
_c8808 _d8808 |
||